Investors expect la dolce vita as Italy embraces REITs (Record no. 78065)

MARC details
000 -LEADER
fixed length control field 00914cab a2200193 4500
001 - CONTROL NUMBER
control field L135893
008 - FIXED-LENGTH DATA ELEMENTS--GENERAL INFORMATION
fixed length control field 061215n2006 000 0 eng u
035 ## - SYSTEM CONTROL NUMBER
System control number (Sirsi) u135893
041 0# - LANGUAGE CODE
Language code of text/sound track or separate title eng
100 1# - MAIN ENTRY--PERSONAL NAME
Personal name Hipwell, Deirdre
245 00 - TITLE STATEMENT
Title Investors expect la dolce vita as Italy embraces REITs
260 ## - PUBLICATION, DISTRIBUTION, ETC.
Date of publication, distribution, etc. 2006
490 #0 - SERIES STATEMENT
Series statement Property Week
Volume/sequential designation 71(49) 08 December 2006, 18(1)
520 ## - SUMMARY, ETC.
Summary, etc. Discusses the impact of the introduction of REITs in Italy as potentially bringing transparency and stability to the Italian property market. The introduction of REITs will affect the means and ease with which foreign investors can invest in the market. The decision by the finance ministry to introduce REITs by July 2007 has pushed up the share prices of Italian property companies.
590 ## - LOCAL NOTE (RLIN)
Local note KA
651 #4 - SUBJECT ADDED ENTRY--GEOGRAPHIC NAME
Geographic name ITALY
690 ## - LOCAL SUBJECT ADDED ENTRY--TOPICAL TERM (OCLC, RLIN)
Topical term or geographic name as entry element PROPERTY-PROPERTY FINANCE AND INVESTMENT-REAL ESTATE INVESTMENT TRUSTS
942 ## - ADDED ENTRY ELEMENTS (KOHA)
Suppress in OPAC 0
Holdings
Withdrawn status Lost status Source of classification or shelving scheme Damaged status Not for loan Home library Current library Shelving location Date acquired Total Checkouts Full call number Barcode Date last seen Copy number Price effective from Koha item type
    Dewey Decimal Classification     London London Journal article 15/12/2006   L135893 135893-1001 06/08/2019 1 06/08/2019 Journal article